[Event "Ä13Ï"]
[Site "Loo"]
[Date "2017.04.28"]
[Round "9.11"]
[White "Òóìàøåâè÷, Åëèçàâåòà."]
[Black "Íàçàðîâà, Àíàñòàñèÿ."]
[Result "1/2-1/2"]
[WhiteElo "1506"]
[BlackElo "1344"]
[PlyCount "83"]
[EventDate "2017.04.20"]

1. d4 Nf6 2. c4 g6 3. Nf3 Bg7 4. Nc3 d5 5. cxd5 Nxd5 6. e4 Nxc3 7. bxc3 c5 8.
Bb5+ Bd7 9. Bxd7+ Qxd7 10. O-O O-O 11. Be3 Rd8 12. Qc2 cxd4 13. cxd4 Nc6 14.
Rad1 Rac8 15. Qd2 Qg4 16. Qd3 a6 17. h3 Qd7 18. Qd2 Qe6 19. Ng5 Qc4 20. Nf3 e5
21. Bh6 exd4 22. Bxg7 Kxg7 23. Qb2 b5 24. Rd2 Qc3 25. Rfd1 Qxb2 26. Rxb2 Rc7
27. Rc2 d3 28. Rc3 Rdd7 29. a3 b4 30. Rcxd3 Rxd3 31. Rxd3 Re7 32. Rd6 Re6 33.
Rxe6 fxe6 34. axb4 Nxb4 35. Nd4 e5 36. Nb3 Nc6 37. g3 a5 38. Nc5 Nb4 39. f4 Nc6
40. Kf2 Kf6 41. h4 h5 42. Ke3 1/2-1/2

[Event "Ä13Ï"]
[Site "Loo"]
[Date "2017.04.28"]
[Round "9.12"]
[White "Êîðæîâà, Ëèäèÿ."]
[Black "Äåäóøèíñêàÿ, Àííà."]
[Result "1/2-1/2"]
[WhiteElo "1295"]
[BlackElo "1482"]
[PlyCount "86"]
[EventDate "2017.04.20"]

1. e4 e6 2. Nc3 d5 3. Nf3 dxe4 4. Nxe4 Bd7 5. Bc4 Bc6 6. Ng3 Nd7 7. d4 Ngf6 8.
c3 g6 9. Bf4 Bg7 10. O-O O-O 11. Qe2 b6 12. Bb5 Bxb5 13. Qxb5 Nd5 14. Bg5 Qc8
15. Rfe1 a6 16. Qd3 c5 17. Qd2 b5 18. Bh6 N7b6 19. Bxg7 Kxg7 20. dxc5 Qxc5 21.
Ne4 Qe7 22. Qd4+ Kg8 23. Neg5 Nc4 24. Qxd5 h6 25. Nh3 Nxb2 26. Qd2 Qa3 27. Reb1
Nc4 28. Qxh6 Qxc3 29. Rc1 Qh8 30. Qxh8+ Kxh8 31. a4 Na5 32. Rcb1 Nc4 33. axb5
axb5 34. Rxa8 Rxa8 35. g3 Rb8 36. Nd4 b4 37. Nc6 Rc8 38. Ne7 Rb8 39. Nc6 Rc8
40. Nxb4 Rb8 41. Ng5 Ne5 42. Rb2 Nc4 43. Rb1 Ne5 1/2-1/2

[Event "Ä13Ï"]
[Site "Loo"]
[Date "2017.04.28"]
[Round "9.13"]
[White "Ãàåð, Ìàðãàðèòà."]
[Black "Âåòîõèíà, Ñîôüÿ."]
[Result "1-0"]
[WhiteElo "1421"]
[BlackElo "1333"]
[PlyCount "79"]
[EventDate "2017.04.20"]

1. e4 c6 2. d4 d5 3. exd5 cxd5 4. Bd3 Nc6 5. c3 Nf6 6. Bf4 g6 7. Nf3 Bg7 8. O-O
Bf5 9. Qc2 Bxd3 10. Qxd3 O-O 11. Nbd2 e6 12. Rfe1 Qb6 13. Nb3 Na5 14. Nxa5 Qxa5
15. Re2 b5 16. Nd2 b4 17. Bd6 Rfc8 18. Bxb4 Qb6 19. Bc5 Qb7 20. b4 Nd7 21. Nb3
Bf8 22. Rb1 Bxc5 23. Nxc5 Qc7 24. h4 Nxc5 25. bxc5 Rab8 26. Reb2 Rxb2 27. Rxb2
Qf4 28. Rb7 a5 29. g3 Qc1+ 30. Kg2 Qa3 31. Qf3 Rf8 32. Qe2 Qxc3 33. Qe3 Qc4 34.
a3 Rc8 35. h5 Qa6 36. Rb6 Qc4 37. h6 Qa4 38. Qe5 Kf8 39. Rb7 Rc7 40. Rxc7 1-0

[Event "Ä13Ï"]
[Site "Loo"]
[Date "2017.04.28"]
[Round "9.14"]
[White "Îéäóï, Àðñåíèÿ."]
[Black "Ñèò÷èõèíà, Ìèëàíà."]
[Result "1-0"]
[WhiteElo "1401"]
[BlackElo "1592"]
[PlyCount "95"]
[EventDate "2017.04.20"]

1. e4 c5 2. c3 d5 3. exd5 Qxd5 4. d4 Nc6 5. Nf3 Nf6 6. dxc5 e6 7. b4 Qxd1+ 8.
Kxd1 a6 9. Bf4 Be7 10. Na3 Nd5 11. Bd2 Bf6 12. Rc1 O-O 13. Nc4 e5 14. Bd3 Rd8
15. Be4 Be6 16. a3 Nf4 17. Nd6 Bb3+ 18. Ke1 Ra7 19. Bxf4 exf4 20. Nd2 Ba4 21.
g3 Be5 22. N2c4 fxg3 23. hxg3 h6 24. Nxe5 Nxe5 25. f4 Nc6 26. Bd5 Rd7 27. Kf2
Ra8 28. Rce1 Rf8 29. Re3 Kh7 30. Rhe1 g6 31. Re8 Kg7 32. Rxf8 Kxf8 33. Re8+ Kg7
34. g4 Na7 35. Rb8 Nb5 36. c4 Nxd6 37. cxd6 Rxd6 38. Rxb7 Rf6 39. Ke3 Bd1 40.
g5 hxg5 41. fxg5 Rf5 42. Ra7 Bb3 43. Rxa6 Rxg5 44. Ra7 Rf5 45. b5 Rf6 46. Rxf7+
Rxf7 47. Bxf7 Kxf7 48. b6 1-0

[Event "Ä13Ï"]
[Site "Loo"]
[Date "2017.04.28"]
[Round "9.15"]
[White "Òóêòèíà, Äàðüÿ."]
[Black "Íîâîæèëîâà, Ïîëèíà."]
[Result "0-1"]
[WhiteElo "1454"]
[BlackElo "1559"]
[PlyCount "62"]
[EventDate "2017.04.20"]

1. e4 e5 2. Nf3 Nc6 3. Bc4 Bc5 4. d3 Nf6 5. Nc3 h6 6. a3 a6 7. h3 d6 8. Qe2 Nd4
9. Nxd4 Bxd4 10. Bd2 c6 11. Qf3 O-O 12. g4 d5 13. exd5 Bxc3 14. Bxc3 Nxd5 15.
Bd2 f5 16. O-O-O fxg4 17. Qg3 b5 18. Ba2 Qf6 19. Rdf1 Be6 20. hxg4 Nf4 21.
Bxe6+ Qxe6 22. Qf3 Rad8 23. Qe4 Rd4 24. Qe1 Qa2 25. Bc3 Rxd3 26. b3 Rxc3 27.
Qxc3 Ne2+ 28. Kd2 Nxc3 29. Kxc3 Rf3+ 30. Kb4 Qb2 31. Rh5 Qc3# 0-1

[Event "Ä13Ï"]
[Site "Loo"]
[Date "2017.04.28"]
[Round "9.16"]
[White "Ëîáàíîâà, Ìèëàíà."]
[Black "Ôîðîñòÿíàÿ, Ñîôèÿ."]
[Result "1-0"]
[WhiteElo "1454"]
[BlackElo "1179"]
[PlyCount "55"]
[EventDate "2017.04.20"]

1. Nf3 Nc6 2. d4 d5 3. e3 f5 4. a3 Nf6 5. Bd3 g6 6. b3 Bg7 7. Bb2 O-O 8. Nbd2
a6 9. c4 Kh8 10. O-O Ne4 11. cxd5 Qxd5 12. Bc4 Qd6 13. Nxe4 fxe4 14. Ng5 Qf6
15. Nxe4 Qf5 16. Ng3 Qf6 17. Rc1 h5 18. Nxh5 gxh5 19. Qxh5+ Bh6 20. d5 Qxb2 21.
Qxh6+ Kg8 22. dxc6+ e6 23. cxb7 Bxb7 24. Bxe6+ Rf7 25. Bxf7+ Kxf7 26. Rxc7+ Ke8
27. Qe6+ Kd8 28. Qd7# 1-0

[Event "Ä13Ï"]
[Site "Loo"]
[Date "2017.04.28"]
[Round "9.17"]
[White "Âèåðó, ßíà."]
[Black "Àôîíàñüåâà, Âàëåðèÿ."]
[Result "1-0"]
[WhiteElo "1350"]
[BlackElo "1498"]
[PlyCount "55"]
[EventDate "2017.04.20"]

1. Nf3 d5 2. g3 Nf6 3. Bg2 e6 4. d3 c6 5. O-O Bd6 6. Nbd2 O-O 7. e4 e5 8. Re1
Re8 9. Nb3 Bg4 10. h3 Be6 11. Ng5 d4 12. Nxe6 Rxe6 13. f4 Qb6 14. f5 Re8 15. g4
Nfd7 16. h4 f6 17. g5 Be7 18. Qh5 Rf8 19. g6 h6 20. Bxh6 gxh6 21. Qxh6 Rf7 22.
gxf7+ Kxf7 23. Qg6+ Kf8 24. Kh1 Qd8 25. Rg1 Qe8 26. Qh6+ Kf7 27. Bf3 Bf8 28.
Qh7+ 1-0

[Event "Ä13Ï"]
[Site "Loo"]
[Date "2017.04.28"]
[Round "9.18"]
[White "Ãóðîâà, Òàòüÿíà."]
[Black "Ãóáàðåâà, Ñîôèÿ."]
[Result "1-0"]
[WhiteElo "1348"]
[BlackElo "1574"]
[PlyCount "65"]
[EventDate "2017.04.20"]

1. e4 e6 2. d3 d5 3. Nd2 Nf6 4. g3 dxe4 5. dxe4 Nc6 6. Bg2 Bc5 7. Ngf3 O-O 8.
O-O e5 9. c3 Ng4 10. h4 Be6 11. Ng5 Nf6 12. Nxe6 fxe6 13. Bh3 Re8 14. Kh1 Bb6
15. g4 h6 16. g5 hxg5 17. hxg5 Nh7 18. g6 Nf6 19. Qf3 Qd6 20. Nc4 Qd7 21. Bg5
Rf8 22. Rad1 Qe7 23. Bg4 Qe8 24. Qh3 Qxg6 25. Bxe6+ Rf7 26. Bxf7+ Qxf7 27. Bxf6
Qxf6 28. Qf5 Qxf5 29. exf5 Bc5 30. f4 exf4 31. Rxf4 Re8 32. f6 b5 33. f7+ 1-0

[Event "Ä13Ï"]
[Site "Loo"]
[Date "2017.04.28"]
[Round "9.19"]
[White "Ìàòòåó, Ñîôèÿ."]
[Black "Ëóêüÿí÷åíêî, Àëèñà."]
[Result "1/2-1/2"]
[WhiteElo "1346"]
[BlackElo "1463"]
[PlyCount "81"]
[EventDate "2017.04.20"]

1. e4 e5 2. Nf3 Nc6 3. Nc3 Nf6 4. Bb5 Bd6 5. O-O O-O 6. h3 a6 7. Bxc6 dxc6 8.
d4 exd4 9. Qxd4 Be7 10. Qxd8 Rxd8 11. Bf4 Ne8 12. Rad1 Be6 13. Nd4 Bc4 14. Rfe1
Bc5 15. Nf5 Bb6 16. Be3 Ba5 17. a3 Bxc3 18. bxc3 Be6 19. Rb1 Bxf5 20. exf5 Nd6
21. Bf4 Rab8 22. Re7 Kf8 23. Bxd6 Rxd6 24. Rxc7 b5 25. Rb4 Rb6 26. Rd4 Rd5 27.
Rxd5 cxd5 28. Kf1 Ke8 29. Ke2 Rf6 30. g4 Rh6 31. Rc5 Rxh3 32. Rc6 Kd7 33. Rxa6
Rxc3 34. Kd2 Rf3 35. Ke2 Rc3 36. Kd2 Rf3 37. Ke2 Rc3 38. Kd2 Rf3 39. Ke2 Rc3
40. Kd2 Rf3 41. Ke2 1/2-1/2

[Event "Ä13Ï"]
[Site "Loo"]
[Date "2017.04.28"]
[Round "9.20"]
[White "Êîâòóí, Òàòüÿíà."]
[Black "Çàðêîâà, Åëèçàâåòà."]
[Result "1-0"]
[WhiteElo "1459"]
[BlackElo "1290"]
[PlyCount "103"]
[EventDate "2017.04.20"]

1. d4 d5 2. Nf3 e6 3. e3 c5 4. b3 Nf6 5. Nbd2 Nc6 6. Bb2 b6 7. a3 Bb7 8. Bd3
Qc7 9. Ne5 Nxe5 10. dxe5 Ne4 11. f4 O-O-O 12. O-O Kb8 13. Be2 c4 14. Nxe4 dxe4
15. Qe1 cxb3 16. cxb3 Bc5 17. Bc4 Rd7 18. Rc1 Qd8 19. b4 Be7 20. Rf2 Rc7 21.
Rfc2 Bd5 22. Rd2 Qd7 23. Bb3 Rxc1 24. Bxc1 Re8 25. Bb2 Qc6 26. Bxd5 exd5 27.
Qd1 Rd8 28. Rc2 Qe6 29. Qh5 Qg6 30. Qxg6 hxg6 31. g3 Kb7 32. Kg2 Rc8 33. Rxc8
Kxc8 34. g4 Kd7 35. b5 Bc5 36. Kf2 Ke6 37. g5 Kf5 38. h3 Ke6 39. a4 Bb4 40. Bd4
Bc5 41. Bxc5 bxc5 42. a5 Kd7 43. Ke2 d4 44. exd4 cxd4 45. Kd2 Kc7 46. h4 Kb7
47. Ke2 d3+ 48. Kd2 Kc7 49. Ke3 Kd7 50. Kd2 Kc7 51. f5 gxf5 52. g6 1-0

[Event "Ä13Ï"]
[Site "Loo"]
[Date "2017.04.28"]
[Round "9.21"]
[White "Êóðãàíîâà, Åëåíà."]
[Black "Èâàíîâà, Äàðüÿ."]
[Result "1-0"]
[WhiteElo "1453"]
[BlackElo "1224"]
[PlyCount "99"]
[EventDate "2017.04.20"]

1. d4 Nf6 2. c4 c5 3. Nf3 cxd4 4. Nxd4 e5 5. Nf3 Nc6 6. Nc3 Bb4 7. Bd2 d5 8.
cxd5 Nxd5 9. Nxd5 Qxd5 10. Bxb4 Qxd1+ 11. Rxd1 Nxb4 12. Nxe5 Nxa2 13. e3 O-O
14. Be2 Nb4 15. O-O Be6 16. Bf3 Rab8 17. Nd7 Bxd7 18. Rxd7 Nc6 19. Bd5 h6 20.
Rb1 a6 21. h3 Rfd8 22. Bxc6 bxc6 23. Rxd8+ Rxd8 24. Rc1 Rc8 25. Rc5 Kf8 26. Kf1
Ke7 27. Ke2 Kd6 28. Rc4 Rb8 29. b4 Rb5 30. Rd4+ Rd5 31. Kd3 c5 32. Rxd5+ Kxd5
33. e4+ Ke5 34. bxc5 Ke6 35. Kc4 Kd7 36. f4 Kc6 37. e5 a5 38. f5 h5 39. g4 hxg4
40. hxg4 a4 41. e6 a3 42. Kb3 a2 43. Kxa2 f6 44. Kb3 Kc7 45. Kc4 Kc6 46. Kd4
Kc7 47. Kd5 Kd8 48. c6 g5 49. fxg6 f5 50. gxf5 1-0

[Event "Ä13Ï"]
[Site "Loo"]
[Date "2017.04.28"]
[Round "9.22"]
[White "Òóëàåâà, Ìàðèÿ."]
[Black "Çàáàâñêàÿ, Äàðèÿ."]
[Result "1-0"]
[WhiteElo "1418"]
[BlackElo "1220"]
[PlyCount "125"]
[EventDate "2017.04.20"]

1. e4 e5 2. Nf3 Nf6 3. Nxe5 d6 4. Nf3 Nxe4 5. d4 d5 6. Bd3 Bd6 7. O-O O-O 8. c4
c6 9. Nc3 Nf6 10. Bg5 dxc4 11. Bxc4 Bg4 12. h3 Bh5 13. Re1 Nbd7 14. Ne4 Bb4 15.
Re3 h6 16. Bh4 Be7 17. Nxf6+ Bxf6 18. Bxf6 Nxf6 19. Qd3 Bg6 20. Qe2 Re8 21.
Rxe8+ Qxe8 22. Re1 b5 23. Bb3 Qxe2 24. Rxe2 Be4 25. Ne5 Bd5 26. Bxd5 cxd5 27.
Nc6 a6 28. Re5 Re8 29. Rxe8+ Nxe8 30. Ne7+ Kf8 31. Nxd5 f6 32. Kf1 Kf7 33. Ke2
g5 34. Kd3 Ke6 35. Nb4 a5 36. Nc6 a4 37. Na7 Nd6 38. Nc6 Kd7 39. Nb4 Ke6 40. b3
axb3 41. axb3 h5 42. Na2 f5 43. Nc3 h4 44. f3 b4 45. Na2 Kd7 46. Nxb4 Kc7 47.
Nc2 Kc6 48. Na3 Kb7 49. Nc4 Nb5 50. Ne5 Nd6 51. d5 Kb6 52. Nc4+ Nxc4 53. bxc4
Kc5 54. Kc3 f4 55. Kd3 g4 56. hxg4 h3 57. gxh3 Kd6 58. Kd4 Kd7 59. c5 Kd8 60.
Ke5 Kd7 61. h4 Kd8 62. h5 Kd7 63. h6 1-0

[Event "Ä13Ï"]
[Site "Loo"]
[Date "2017.04.28"]
[Round "9.23"]
[White "Ãàíüæèíà, Ìàðèÿ."]
[Black "Êàëóñòîâà, Ìàðèíà."]
[Result "1-0"]
[WhiteElo "1408"]
[BlackElo "1242"]
[PlyCount "65"]
[EventDate "2017.04.20"]

1. e4 d5 2. exd5 Qxd5 3. Nc3 Qd6 4. Bc4 c6 5. d4 Nf6 6. Nge2 Bf5 7. Bf4 Qd8 8.
Qd2 e6 9. f3 Be7 10. g4 Bg6 11. h4 h6 12. O-O-O b5 13. Bb3 a5 14. g5 Nh5 15. a4
b4 16. Ne4 Nd7 17. gxh6 gxh6 18. Bxh6 Bxe4 19. fxe4 Bxh4 20. Be3 Rc8 21. d5 Qe7
22. dxe6 fxe6 23. Rxh4 c5 24. Bg5 Qf7 25. Bc4 Rh7 26. Qd6 Ra8 27. Bxe6 Qg7 28.
Bxd7+ Qxd7 29. Qe5+ Re7 30. Qxe7+ Qxe7 31. Bxe7 Kxe7 32. Rxh5 c4 33. Rhd5 1-0

[Event "Ä13Ï"]
[Site "Loo"]
[Date "2017.04.28"]
[Round "9.25"]
[White "Ìíåÿí, Ðèïñèìå."]
[Black "Àéðàïåòÿí, Àíæåëèêà."]
[Result "1-0"]
[WhiteElo "1345"]
[BlackElo "1362"]
[PlyCount "61"]
[EventDate "2017.04.20"]

1. e4 e6 2. d4 d5 3. Nd2 Be7 4. e5 c5 5. c3 Qb6 6. Ndf3 Nc6 7. Bd3 Bd7 8. Ne2
Nh6 9. Bxh6 gxh6 10. Qd2 Rg8 11. O-O cxd4 12. cxd4 Bg5 13. Nxg5 Rxg5 14. Bxh7
O-O-O 15. Rac1 Kb8 16. Kh1 Rh8 17. Bb1 Rhg8 18. g3 h5 19. h4 Rg4 20. Rfd1 Qd8
21. Kg2 Ne7 22. Rh1 Nf5 23. Bxf5 exf5 24. Kf1 Bb5 25. b3 Bxe2+ 26. Qxe2 f4 27.
Rh3 Qf8 28. Qc2 fxg3 29. Rxg3 a6 30. Qc7+ Ka8 31. Qd7 {
äàëåå çàïèñü íåðàçáîð~~èâà} 1-0

[Event "Ä13Ï"]
[Site "Loo"]
[Date "2017.04.28"]
[Round "9.26"]
[White "Èâàíîâà, ßðîñëàâà."]
[Black "Ìóñòàôèíà, Þëèàíà."]
[Result "0-1"]
[WhiteElo "1238"]
[BlackElo "1361"]
[PlyCount "82"]
[EventDate "2017.04.20"]

1. d4 d5 2. Nf3 e6 3. c4 c6 4. Nc3 dxc4 5. e3 b5 6. a4 Bb4 7. Bd2 a5 8. b3 Bxc3
9. Bxc3 b4 10. Bb2 c3 11. Bc1 Nf6 12. Bc4 Ba6 13. Qe2 Bxc4 14. Qxc4 Qd5 15.
Qxd5 cxd5 16. Ke2 Nbd7 17. Kd3 Rd8 18. h3 Ke7 19. Re1 h6 20. Rd1 Ne4 21. Ke2 f5
22. g3 Rc8 23. Ra2 c2 24. Rd3 Nc3+ 25. Rxc3 Rxc3 26. Rb2 Kf6 27. Ne1 Rhc8 28.
Kd2 Nb6 29. Nxc2 h5 30. Kd1 g5 31. Bd2 R3c7 32. Be1 Rh7 33. Ke2 h4 34. Kf3 g4+
35. Kg2 hxg3 36. fxg3 gxh3+ 37. Kh2 Kg5 38. Bf2 Nd7 39. Ra2 Nf6 40. Be1 Ng4+
41. Kh1 Rhc7 0-1

[Event "Ä13Ï"]
[Site "Loo"]
[Date "2017.04.28"]
[Round "9.27"]
[White "Äîí÷åíêî, Åêàòåðèíà."]
[Black "Ñîáëèðîâà, Ñàáèíà."]
[Result "1-0"]
[WhiteElo "1534"]
[BlackElo "1114"]
[PlyCount "95"]
[EventDate "2017.04.20"]

1. e4 e6 2. d4 d5 3. e5 c5 4. c3 Nc6 5. Nf3 Nge7 6. Bg5 Qb6 7. Bxe7 Bxe7 8. Qd2
cxd4 9. cxd4 O-O 10. Be2 Bd7 11. O-O Rac8 12. Nc3 f6 13. Kh1 fxe5 14. dxe5 Rf5
15. Nxd5 exd5 16. Qxd5+ Kh8 17. Qxd7 Rcf8 18. Bd3 Rh5 19. Qg4 Rh6 20. b3 Nb4
21. Bf5 Nd5 22. Rad1 Nc3 23. Rd7 Re8 24. Be4 Qb5 25. Bd3 Qc6 26. Rc1 Re6 27.
Rd4 Ba3 28. Rc2 b5 29. Ng5 Rxe5 30. Nf7+ Kg8 31. Nxe5 Rxe5 32. h3 Be7 33. Qd7
Qc5 34. Qe8+ Bf8 35. Qd7 Re1+ 36. Kh2 Qe5+ 37. f4 Qc5 38. Bxb5 Re7 39. Bc4+ Kh8
40. Qd6 Qxd6 41. Rxd6 Ne4 42. Rd8 h6 43. Rxf8+ Kh7 44. Bg8+ Kg6 45. Rc6+ Kh5
46. Bf7+ Kh4 47. Rg6 a5 48. Rg4# 1-0

[Event "Ä13Ï"]
[Site "Loo"]
[Date "2017.04.28"]
[Round "9.28"]
[White "Îíäàð, Øóðó."]
[Black "Ñóìàðîêîâà, Âåðà."]
[Result "1-0"]
[WhiteElo "1449"]
[BlackElo "1300"]
[PlyCount "99"]
[EventDate "2017.04.20"]

1. d4 e6 2. Nf3 b6 3. Bf4 Bb7 4. Nbd2 Nf6 5. e3 c5 6. c3 d6 7. Bd3 Be7 8. O-O
O-O 9. Re1 Nbd7 10. h3 Re8 11. Bf1 Bf8 12. Nc4 Ne4 13. Nfd2 Ndf6 14. Nxe4 Nxe4
15. Nd2 Nxd2 16. Qxd2 e5 17. Bh2 Kh8 18. dxe5 dxe5 19. Rad1 Qxd2 20. Rxd2 Bc6
21. Red1 f6 22. Bc4 Be7 23. Bd5 Bxd5 24. Rxd5 Rad8 25. Rd7 Kg8 26. Kf1 Kf8 27.
Ke2 a5 28. Rxd8 Rxd8 29. Rxd8+ Bxd8 30. Kd3 Ke7 31. Kc4 Kd6 32. e4 Kc6 33. a4
Be7 34. f4 exf4 35. Bxf4 Bf8 36. g4 h6 37. e5 fxe5 38. Bxe5 g5 39. Bf6 Kd7 40.
Kd5 Kc7 41. Ke6 Kc6 42. c4 Bd6 43. Bg7 Bf4 44. Bxh6 Bc1 45. b3 Kc7 46. h4 gxh4
47. Bxc1 h3 48. Bf4+ Kd8 49. g5 Ke8 50. g6 1-0

[Event "Ä13Ï"]
[Site "Loo"]
[Date "2017.04.28"]
[Round "9.29"]
[White "Ïåõîòî, Àëåêñàíäðà."]
[Black "Àí÷èêîâà, Îëüãà."]
[Result "0-1"]
[WhiteElo "1101"]
[BlackElo "1367"]
[PlyCount "134"]
[EventDate "2017.04.20"]

1. e4 e6 2. d4 d5 3. exd5 exd5 4. Nf3 Nf6 5. Nc3 Be7 6. Be2 O-O 7. Bf4 Bf5 8.
Nb5 Na6 9. a3 c6 10. Nc3 Nc7 11. O-O Ne6 12. Be3 Bg4 13. h3 Bxf3 14. Bxf3 Re8
15. Re1 Qc7 16. Qd2 a6 17. b4 b5 18. Rad1 Bd6 19. Kh1 h6 20. Kg1 a5 21. Rb1 a4
22. Kh1 Re7 23. Re2 Rae8 24. Rbe1 Nf8 25. Qd3 N8d7 26. Bd2 Qc8 27. Nd1 Nb6 28.
Nb2 Qc7 29. c3 Qd7 30. Kg1 Bb8 31. Kh1 Qc7 32. g3 Qd7 33. Bg2 Bd6 34. Kg1 Kh8
35. Kh1 Qc7 36. Rxe7 Rxe7 37. Rxe7 Qxe7 38. Qe3 Qxe3 39. Bxe3 h5 40. Bg5 Ne4
41. Bxe4 dxe4 42. Bd2 f5 43. Kg2 Kg8 44. f3 exf3+ 45. Kxf3 Kf7 46. g4 Kg6 47.
Be3 Nd5 48. Bd2 fxg4+ 49. hxg4 hxg4+ 50. Kxg4 Nf6+ 51. Kf3 Kf5 52. c4 g5 53. c5
Bf4 54. Bxf4 gxf4 55. Nd3 Nd5 56. Ne5 Ne7 57. Nd3 Ng6 58. d5 cxd5 59. c6 Ke6
60. Nxf4+ Nxf4 61. c7 Kd7 62. c8=Q+ Kxc8 63. Kxf4 Kd7 64. Ke3 Ke6 65. Kd4 Kd6
66. Kd3 Ke5 67. Ke3 d4+ 0-1

[Event "Ä13Ï"]
[Site "Loo"]
[Date "2017.04.28"]
[Round "9.31"]
[White "×àðêèíà, Ìàðèÿ."]
[Black "Äåíùèê, Àëåêñàíäðà."]
[Result "1/2-1/2"]
[WhiteElo "1151"]
[BlackElo "1266"]
[PlyCount "80"]
[EventDate "2017.04.20"]

1. e4 d5 2. exd5 Qxd5 3. Nc3 Qa5 4. d4 Nf6 5. Nf3 Bg4 6. h3 Bxf3 7. Qxf3 c6 8.
Bd3 e6 9. O-O Nbd7 10. Re1 Bd6 11. Bf4 Bxf4 12. Qxf4 O-O 13. Re3 Rad8 14. Rg3
Kh8 15. Rg5 Qb4 16. Rb1 c5 17. Qd6 b6 18. dxc5 Nxc5 19. Qg3 Rg8 20. a3 Qd4 21.
Rd1 Qd6 22. Qxd6 Rxd6 23. Rg3 Nce4 24. Bxe4 Rxd1+ 25. Nxd1 Nxe4 26. Rd3 Rc8 27.
Ne3 Kg8 28. Rd7 a5 29. b3 Kf8 30. Rb7 Rc6 31. Rd7 Rd6 32. Rxd6 Nxd6 33. Kf1 Ke7
34. Ke2 Ne4 35. Nc4 Nc3+ 36. Kd3 Nd5 37. Ne3 Nxe3 38. Kxe3 Kd6 39. Kd4 e5+ 40.
Kc4 Kc6 1/2-1/2

[Event "Ä13Ï"]
[Site "Loo"]
[Date "2017.04.28"]
[Round "9.32"]
[White "Êèðüÿíîâà, Åâãåíèÿ."]
[Black "Ëóá÷åíêîâà, Àíàñòàñèÿ."]
[Result "0-1"]
[WhiteElo "1198"]
[BlackElo "1413"]
[PlyCount "72"]
[EventDate "2017.04.20"]

1. c4 e5 2. Nc3 Nc6 3. g3 d6 4. Bg2 Be6 5. d3 Qd7 6. Nf3 Bh3 7. O-O h5 8. d4 h4
9. dxe5 hxg3 10. fxg3 Bxg2 11. Kxg2 Qh3+ 12. Kf2 Nxe5 13. Qa4+ c6 14. Rh1 Nf6
15. Ng5 Qf5+ 16. Ke1 Nfg4 17. Rf1 Qd7 18. h4 g6 19. b4 f6 20. Nf3 Nxc4 21. Qc2
f5 22. Bg5 Nge3 23. Qd3 Nxf1 24. Qxc4 Nxg3 25. Qf4 Bg7 26. Kf2 Bxc3 27. Qe3+
Ne4+ 28. Kg2 Bxa1 29. Nd2 Qe6 30. Nb3 Nxg5 31. Qxg5 Qxe2+ 32. Kh3 Qf3+ 33. Kh2
Be5+ 34. Kg1 Qg3+ 35. Kh1 Qxg5 36. Nc5 Rxh4# 0-1

[Event "Ä13Ï"]
[Site "Loo"]
[Date "2017.04.28"]
[Round "9.33"]
[White "Êóëìàãàìáåòîâà, Àéøà."]
[Black "Ïàõîìîâà, Òàòüÿíà."]
[Result "1-0"]
[WhiteElo "1289"]
[BlackElo "1394"]
[PlyCount "91"]
[EventDate "2017.04.20"]

1. d4 d5 2. Nf3 Bf5 3. Bf4 Nf6 4. e3 e6 5. a3 Be7 6. Bd3 Bxd3 7. Qxd3 Nbd7 8.
Nc3 c6 9. h3 Qa5 10. Ne5 Nxe5 11. Bxe5 b5 12. O-O O-O 13. b4 Qb6 14. e4 a5 15.
Rab1 axb4 16. axb4 Ra3 17. Bxf6 Bxf6 18. e5 Be7 19. Rfd1 Rfa8 20. Kh1 Qd8 21.
Qd2 Qf8 22. Ne2 f6 23. f4 fxe5 24. fxe5 Qf5 25. Rf1 Qh5 26. Nf4 Bg5 27. Qf2
Bxf4 28. Qxf4 Qg6 29. Rf2 Ra2 30. Rbf1 h6 31. c3 Rxf2 32. Qxf2 Qe8 33. Kh2 Qf8
34. Qxf8+ Rxf8 35. Rxf8+ Kxf8 36. Kg3 Kf7 37. Kg4 g5 38. Kh5 Kg7 39. h4 gxh4
40. Kxh4 Kg6 41. g4 Kh7 42. Kh5 Kg7 43. g5 Kh8 44. Kxh6 Kg8 45. Kg6 Kh8 46. Kf7
1-0

[Event "Ä13Ï"]
[Site "Loo"]
[Date "2017.04.28"]
[Round "9.34"]
[White "Õîþð-Îîë, Àðûÿíà."]
[Black "Ìîõàììàä, Äàðèíà."]
[Result "1-0"]
[WhiteElo "1391"]
[BlackElo "1211"]
[PlyCount "85"]
[EventDate "2017.04.20"]

1. d4 d5 2. Nf3 Bf5 3. Bg5 Nd7 4. e3 Ngf6 5. Bd3 Bxd3 6. Qxd3 e6 7. Nbd2 Be7 8.
O-O O-O 9. c4 c6 10. c5 b6 11. b4 b5 12. Rfe1 h6 13. Bh4 Re8 14. Bg3 Bf8 15. h3
a5 16. a3 a4 17. Ne5 Nxe5 18. Bxe5 Nh7 19. Nf3 f6 20. Bg3 Ng5 21. Nxg5 hxg5 22.
Qe2 e5 23. dxe5 fxe5 24. Qg4 e4 25. Kh2 Be7 26. Qe6+ Kh7 27. Qxc6 Bf6 28. Rab1
d4 29. exd4 Qxd4 30. Qxb5 Qc3 31. Re3 Qc2 32. Rbe1 Bd4 33. Qe2 Qb2 34. Rxe4
Qxe2 35. R4xe2 Rxe2 36. Rxe2 Kh6 37. c6 Rc8 38. c7 g6 39. Re6 Bb2 40. b5 Bxa3
41. b6 Bb2 42. b7 a3 43. bxc8=Q 1-0

[Event "Ä13Ï"]
[Site "Loo"]
[Date "2017.04.28"]
[Round "9.35"]
[White "Áî÷àðîâà, Äàðüÿ."]
[Black "Ãóíüêî, Âàëåðèÿ."]
[Result "0-1"]
[WhiteElo "1094"]
[BlackElo "1371"]
[PlyCount "96"]
[EventDate "2017.04.20"]

1. e4 c5 2. Nf3 Nc6 3. d4 cxd4 4. Nxd4 d6 5. Nc3 Nf6 6. Be3 Ng4 7. Qd2 Nxe3 8.
Qxe3 Bd7 9. O-O-O Qc7 10. Kb1 a6 11. Bc4 g6 12. Qf3 Ne5 13. Bxf7+ Nxf7 14. Nd5
Qd8 15. Qe3 Bg7 16. f4 e6 17. Nc3 Qb6 18. Rhe1 Bxd4 19. Rxd4 e5 20. fxe5 dxe5
21. Rd3 Qxe3 22. Rexe3 Bc6 23. Re1 Ke7 24. Red1 Rad8 25. Nd5+ Bxd5 26. exd5 Rc8
27. Rc1 Rhd8 28. c4 b6 29. b4 Kd6 30. Rf3 Ke7 31. Kb2 Rd7 32. Kb3 Rdc7 33. a4
a5 34. h4 Nd6 35. Rfc3 Ne4 36. R3c2 Nf6 37. g3 Kd6 38. bxa5 bxa5 39. Rf1 Nd7
40. g4 Rf8 41. Rff2 Nc5+ 42. Ka3 Rcf7 43. Rxf7 Rxf7 44. Rb2 Rb7 45. Rxb7 Nxb7
46. Kb3 Kc5 47. Kc3 Nd6 48. Kd3 e4+ 0-1

[Event "Ä13Ï"]
[Site "Loo"]
[Date "2017.04.28"]
[Round "9.36"]
[White "Âîëîáóåâà, Àíàñòàñèÿ."]
[Black "Ïîêàñîâà, Èðèíà."]
[Result "1/2-1/2"]
[WhiteElo "1137"]
[BlackElo "1298"]
[PlyCount "82"]
[EventDate "2017.04.20"]

1. e4 c5 2. Nf3 d6 3. d4 cxd4 4. Nxd4 Nf6 5. Nc3 g6 6. Be3 Bg7 7. Qd2 Nc6 8. f3
Bd7 9. a3 a6 10. Be2 Qc7 11. g4 h6 12. h4 Ne5 13. Rg1 Nc4 14. Bxc4 Qxc4 15. g5
hxg5 16. hxg5 Ng8 17. f4 Bc6 18. b3 Qc5 19. Ndb5 Bxc3 20. Qxc3 Qxc3+ 21. Nxc3
Rh2 22. O-O-O O-O-O 23. Bb6 Rd7 24. Rh1 Rh5 25. Rxh5 gxh5 26. Rh1 e6 27. Rxh5
Re7 28. Rh8 Re8 29. f5 exf5 30. exf5 Ne7 31. Rxe8+ Bxe8 32. f6 Ng6 33. Nd5 Kd7
34. Be3 Kc6 35. c4 Bd7 36. a4 Be6 37. Nb4+ Kd7 38. Nd3 Kc6 39. Nb4+ Kd7 40. Nd3
Kc6 41. Nb4+ Kd7 1/2-1/2

[Event "Ä13Ï"]
[Site "Loo"]
[Date "2017.04.28"]
[Round "9.39"]
[White "Îëåíèíà, Àë¸íà."]
[Black "Ñàðåöÿí, Ìèëåíà."]
[Result "1-0"]
[WhiteElo "1126"]
[BlackElo "1134"]
[PlyCount "105"]
[EventDate "2017.04.20"]

1. e4 e5 2. Nc3 Nf6 3. g3 g6 4. Bg2 Nc6 5. Nge2 Bg7 6. d3 h6 7. O-O d6 8. h3
Be6 9. Be3 Qd7 10. Kh2 O-O-O 11. Qb1 h5 12. b4 b6 13. a4 Nb8 14. b5 a5 15. bxa6
Nxa6 16. a5 bxa5 17. Rxa5 Qc6 18. Qb2 Kd7 19. Qa3 Ra8 20. Ra1 Bf8 21. Qa4 Be7
22. Qxc6+ Kxc6 23. Rxa6+ Kb7 24. Rxa8 Rxa8 25. Rxa8 Kxa8 26. f4 Nd7 27. Bf3 f5
28. Nb5 Kb8 29. d4 Bc4 30. Nbc3 Bxe2 31. Nxe2 fxe4 32. Bxe4 exd4 33. Nxd4 Kc8
34. Bxg6 Nf6 35. Bf5+ Kb7 36. c4 d5 37. cxd5 Nxd5 38. Be4 c6 39. Bxd5 cxd5 40.
g4 hxg4 41. hxg4 Bc5 42. f5 Bd6+ 43. Kh3 Kc8 44. Kh4 Kd8 45. Kg5 Be7+ 46. Kg6
Ke8 47. f6 Bf8 48. Ne6 Ba3 49. Bc5 Bxc5 50. Nxc5 Kf8 51. Ne6+ Kg8 52. f7+ Kh8
53. f8=Q# 1-0

[Event "Ä13Ï"]
[Site "Loo"]
[Date "2017.04.28"]
[Round "9.40"]
[White "Øåâöîâà, Ñòåôàíèÿ."]
[Black "Ñîêîëîâà, Åêàòåðèíà."]
[Result "0-1"]
[WhiteElo "1096"]
[BlackElo "1125"]
[PlyCount "124"]
[EventDate "2017.04.20"]

1. e4 c5 2. Nf3 e6 3. c3 Nf6 4. e5 Nd5 5. d4 cxd4 6. cxd4 d6 7. exd6 Bxd6 8.
Nc3 Nxc3 9. bxc3 Qc7 10. Bd3 Qxc3+ 11. Bd2 Qxd3 12. Rc1 O-O 13. Rc3 Qb5 14. Rb3
Qd7 15. O-O b6 16. Qc2 h6 17. Ne5 Bxe5 18. dxe5 Bb7 19. Rg3 Kh8 20. Qd1 Rg8 21.
Qe2 Ba6 22. Qh5 Qxd2 23. Rd1 Be2 24. Rxd2 Bxh5 25. Rgd3 Nc6 26. f4 Rgd8 27. Kf2
Rxd3 28. Rxd3 Nb4 29. Rd2 Rc8 30. Ke3 Nd5+ 31. Kf2 Nxf4 32. h3 Bg6 33. Kf3 Nd5
34. g4 Rc2 35. Rxc2 Bxc2 36. h4 b5 37. Ke2 a5 38. Kd2 Bb1 39. a3 Kg8 40. Kc1
Ne3 41. g5 hxg5 42. hxg5 Nc4 43. a4 bxa4 44. Kxb1 Nxe5 45. Ka2 Nc4 46. Kb1 a3
47. Ka2 e5 48. Kb3 e4 49. Kxc4 a2 50. g6 a1=Q 51. gxf7+ Kxf7 52. Kb3 a4+ 53.
Kc2 e3 54. Kd3 a3 55. Kxe3 a2 56. Kd3 Qc1 57. Ke2 a1=R 58. Kf3 Qc4 59. Ke3 Ra3+
60. Kd2 Qd3+ 61. Ke1 Qc2 62. Kf1 Ra1# 0-1